[Event "Frankfurt Ch 2006"]
[Site "Ffm-Kalbach, LAZ"]
[Date "2006.05.15"]
[Round "4.1"]
[White "Telljohann, Sven"]
[Black "Malek, Daniel"]
[Result "1/2-1/2"]
[WhiteElo "2377"]
[BlackElo "2267"]
[PlyCount "71"]
[EventDate "2006.??.??"]

1. Nf3 d5 2. g3 c6 3. Bg2 Bg4 4. b3 Nd7 5. Bb2 Ngf6 6. c4 e6 7. O-O Bd6 8. d3
O-O 9. a3 a5 10. Nbd2 Qe7 11. h3 Bh5 12. Re1 Rfd8 13. Qc2 h6 14. cxd5 cxd5 15.
Rec1 Bg6 16. Nd4 e5 17. Nb5 Bc5 18. Qd1 e4 19. d4 Bb6 20. Nf1 Nb8 21. a4 Nc6
22. Ba3 Qd7 23. Ne3 Ne8 24. Bc5 Bxc5 25. Rxc5 Nb4 26. Qd2 b6 27. Rc3 Rac8 28.
Rac1 Rxc3 29. Rxc3 Rc8 30. Ng4 f6 31. Ne3 Bf7 32. f4 exf3 33. exf3 Be6 34. Rxc8
Qxc8 35. f4 Qc6 36. Qc3 1/2-1/2

[Event "Frankfurt Ch 2006"]
[Site "Ffm-Kalbach, LAZ"]
[Date "2006.05.15"]
[Round "4.2"]
[White "Graebner, Walter"]
[Black "Reschke, Stefan"]
[Result "0-1"]
[WhiteElo "1997"]
[BlackElo "2356"]
[PlyCount "104"]
[EventDate "2006.??.??"]

1. d4 Nf6 2. Bg5 e6 3. e4 h6 4. Bxf6 Qxf6 5. Nc3 Bb4 6. Qd2 d5 7. e5 Qd8 8. a3
Be7 9. Nf3 b6 10. Bd3 c5 11. Bb5+ Bd7 12. Bxd7+ Qxd7 13. Ne2 Nc6 14. O-O Qc7
15. c3 Na5 16. Qc2 c4 17. Nd2 O-O-O 18. b4 cxb3 19. Nxb3 Nc4 20. Nd2 Kb8 21.
Nxc4 Qxc4 22. Qa2 Qa4 23. Rfb1 Rc8 24. Qb3 Rc4 25. Qxa4 Rxa4 26. Rb3 Rc8 27. g3
Kb7 28. Kf1 Ra5 29. Nc1 Ra4 30. Ke2 Rac4 31. Kd3 Ra4 32. Kd2 h5 33. h3 h4 34.
g4 Bg5+ 35. Kd3 f6 36. Rb4 Rxb4 37. axb4 fxe5 38. dxe5 Bf4 39. Na2 Rf8 40. Re1
Bh2 41. c4 Rxf2 42. cxd5 Rxa2 43. dxe6 Kc7 44. Ke4 g6 45. Kd5 Rd2+ 46. Kc4 Kd8
47. Ra1 Bxe5 48. Rxa7 Rd6 49. Rh7 Bg3 50. e7+ Ke8 51. Rg7 Bf4 52. Kb5 Bg5 0-1

[Event "Frankfurt Ch 2006"]
[Site "Ffm-Kalbach, LAZ"]
[Date "2006.05.15"]
[Round "4.4"]
[White "Bagatsch, Thomas"]
[Black "Lisanti, Andre"]
[Result "0-1"]
[WhiteElo "1979"]
[BlackElo "2281"]
[PlyCount "106"]
[EventDate "2006.??.??"]

1. e4 c5 2. Nf3 d6 3. Bb5+ Bd7 4. c4 Nf6 5. Nc3 g6 6. O-O Bg7 7. d4 cxd4 8.
Qxd4 Nc6 9. Bxc6 bxc6 10. Bg5 O-O 11. Qd2 Be6 12. b3 d5 13. e5 Ne4 14. Nxe4
dxe4 15. Nd4 Bxe5 16. Nxe6 Qxd2 17. Bxd2 Bxa1 18. Nxf8 Bd4 19. Re1 Rxf8 20.
Rxe4 e5 21. Kf1 f5 22. Re1 Kf7 23. Be3 Bxe3 24. Rxe3 Ke6 25. Rd3 e4 26. Rd4 Rf7
27. Rd8 Rd7 28. Rc8 Kd6 29. b4 a5 30. b5 cxb5 31. cxb5 a4 32. Rc4 Ra7 33. b6
Rb7 34. Rxa4 Rxb6 35. Ra7 h6 36. Ke2 Ke5 37. a4 Rb2+ 38. Ke1 Rb1+ 39. Ke2 Rb2+
40. Ke1 g5 41. a5 Kf4 42. a6 Ra2 43. Kf1 h5 44. h3 Ra1+ 45. Ke2 h4 46. Rg7 Rxa6
47. g3+ hxg3 48. fxg3+ Kxg3 49. Rxg5+ Kf4 50. Rh5 Ra2+ 51. Kf1 e3 52. h4 Ke4
53. Rh8 Kf3 0-1

[Event "Frankfurt Ch 2006"]
[Site "Ffm-Kalbach, LAZ"]
[Date "2006.05.15"]
[Round "4.5"]
[White "Loos, Roland"]
[Black "Gramlich, Sebastian"]
[Result "1/2-1/2"]
[WhiteElo "2307"]
[BlackElo "2184"]
[PlyCount "66"]
[EventDate "2006.??.??"]

1. d4 d5 2. c4 Nc6 3. Nf3 Bg4 4. Nc3 e6 5. e3 a6 6. Qb3 Bxf3 7. gxf3 Nf6 8. f4
Na5 9. Qa4+ c6 10. c5 b5 11. cxb6 Qxb6 12. Bd3 Bd6 13. Bd2 O-O 14. Nxd5 cxd5
15. Qxa5 Qxb2 16. Rb1 Qa3 17. Qxa3 Bxa3 18. Rb3 Be7 19. Rb7 Rfe8 20. Ke2 Ne4
21. Rc1 Nxd2 22. Kxd2 g6 23. Rcc7 Kf8 24. Ke2 Rac8 25. Bxa6 Rxc7 26. Rxc7 Ra8
27. Rc6 Rb8 28. a4 Rb2+ 29. Kf3 Ra2 30. Rc8+ Kg7 31. Bb5 Bh4 32. Be2 Rxa4 33.
Rc2 Ra7 1/2-1/2

[Event "Frankfurt Ch 2006"]
[Site "Ffm-Kalbach, LAZ"]
[Date "2006.05.15"]
[Round "4.6"]
[White "Benninger, Rudolf"]
[Black "Legde, Georg"]
[Result "0-1"]
[WhiteElo "2019"]
[BlackElo "2311"]
[PlyCount "56"]
[EventDate "2006.??.??"]

1. e4 c5 2. c3 d5 3. exd5 Qxd5 4. d4 Nc6 5. Nf3 Bg4 6. dxc5 Qxd1+ 7. Kxd1 e5 8.
b4 a5 9. Bb5 Nge7 10. Nbd2 axb4 11. cxb4 Nd5 12. Bb2 Ndxb4 13. a3 Nd5 14. Bxe5
f6 15. Bxc6+ bxc6 16. Bd6 Bxd6 17. cxd6 Kd7 18. Nc4 Ra4 19. Rc1 Rb8 20. Re1 Rb3
21. Kd2 Bxf3 22. gxf3 Rxf3 23. Ke2 Rf4 24. Kd3 c5 25. Re4 Rxe4 26. Kxe4 Nb6 27.
Kd3 Nxc4 28. Rxc4 Rxa3+ 0-1

[Event "Frankfurt Ch 2006"]
[Site "Ffm-Kalbach, LAZ"]
[Date "2006.05.15"]
[Round "4.7"]
[White "Isserman, Ryhor"]
[Black "Wanie, Karsten"]
[Result "1-0"]
[WhiteElo "2254"]
[BlackElo "2055"]
[PlyCount "99"]
[EventDate "2006.??.??"]

1. e4 e6 2. d3 d5 3. Qe2 dxe4 4. dxe4 Bc5 5. Nf3 b6 6. Nbd2 Ba6 7. Nc4 b5 8.
Nce5 b4 9. Nc4 Ne7 10. Qd2 O-O 11. Qxd8 Rxd8 12. Bf4 c6 13. Bd3 Ng6 14. Bc7 Re8
15. Bg3 f6 16. O-O-O e5 17. Be2 Be7 18. Rd2 c5 19. Rhd1 Nc6 20. c3 bxc3 21.
bxc3 Rad8 22. Ne3 Bxe2 23. Rxe2 Rxd1+ 24. Kxd1 Rd8+ 25. Kc2 Bd6 26. Nd2 Nf4 27.
Bxf4 exf4 28. Nd5 Be5 29. Nc4 Kf7 30. g3 g5 31. Rd2 h5 32. gxf4 Bxf4 33. Nxf4
Rxd2+ 34. Kxd2 gxf4 35. Kd3 Ke6 36. f3 h4 37. Ke2 h3 38. Nb2 Ne5 39. Nd1 Nf7
40. Nf2 f5 41. exf5+ Kxf5 42. Nxh3 c4 43. Nf2 Nd6 44. Ne4 Nb5 45. a4 Nc7 46.
Nd6+ Ke5 47. Nxc4+ Kd5 48. Nd2 Kc5 49. h4 Nd5 50. Kd3 1-0

[Event "Frankfurt Ch 2006"]
[Site "Ffm-Kalbach, LAZ"]
[Date "2006.05.15"]
[Round "4.8"]
[White "Kayser, Felix"]
[Black "Wahedi, Ahmad Siar"]
[Result "0-1"]
[WhiteElo "2083"]
[BlackElo "2206"]
[PlyCount "86"]
[EventDate "2006.??.??"]

1. e4 e6 2. d4 d5 3. exd5 exd5 4. Bd3 c5 5. dxc5 Bxc5 6. Nf3 Nf6 7. O-O O-O 8.
Nc3 h6 9. h3 Nc6 10. a3 Be6 11. Re1 a6 12. Bf4 Nh5 13. Bh2 Qf6 14. Qd2 Rad8 15.
Ne5 Nd4 16. Rad1 Qh4 17. Qe3 Qe7 18. b4 Ba7 19. Ne2 Nxe2+ 20. Qxe2 Nf6 21. Ng6
fxg6 22. Qxe6+ Qxe6 23. Rxe6 Ne4 24. Bxe4 dxe4 25. Rxd8 Rxd8 26. Bg3 Rd1+ 27.
Kh2 e3 28. fxe3 Kf7 29. Re4 Ra1 30. h4 Rxa3 31. Rc4 Rxe3 32. Rf4+ Ke7 33. Bf2
Bb8 34. Bxe3 g5 35. hxg5 hxg5 36. Kh3 Bxf4 37. Bc5+ Ke6 38. g3 Bd6 39. Bd4 Kf5
40. g4+ Ke4 41. Bc3 Kf3 42. Bxg7 Bxb4 43. Bf6 Bd2 0-1

[Event "Frankfurt Ch 2006"]
[Site "Ffm-Kalbach, LAZ"]
[Date "2006.05.15"]
[Round "4.9"]
[White "Uwira, Oliver"]
[Black "Kabir, Razaul"]
[Result "0-1"]
[WhiteElo "2169"]
[BlackElo "2024"]
[PlyCount "126"]
[EventDate "2006.??.??"]

1. d4 Nf6 2. c4 e6 3. Nc3 Bb4 4. a3 Bxc3+ 5. bxc3 b6 6. f3 Bb7 7. e4 d6 8. Bd3
Nbd7 9. Ne2 O-O 10. O-O e5 11. Ng3 Re8 12. Be3 c5 13. d5 Nf8 14. f4 Ng6 15. f5
Nf8 16. Bg5 N8d7 17. Nh5 h6 18. Bh4 Kh7 19. g4 Rh8 20. Ra2 Kg8 21. Rg2 Kf8 22.
Kh1 Rh7 23. Rfg1 Ke7 24. g5 hxg5 25. Rxg5 Qh8 26. Qf3 Rg8 27. Bc2 Ba6 28. Ba4
Nxh5 29. Rxh5+ Nf6 30. Rxh7 Qxh7 31. Bxf6+ Kxf6 32. Bd7 Rh8 33. Qg3 Qh6 34. Bb5
Bc8 35. a4 Rh7 36. a5 bxa5 37. Qf2 Qf4 38. Qg2 Ke7 39. Qg5+ Qxg5 40. Rxg5 Kf6
41. Rg1 Rh4 42. Re1 Kg5 43. Ra1 a6 44. Be8 Rxe4 45. Bxf7 Kxf5 46. Rg1 Kf6 47.
Be8 g5 48. Rb1 Rxc4 49. Rb8 Bf5 50. Bc6 Be4+ 51. Kg1 a4 52. Rf8+ Kg7 53. Ra8 a3
54. Rxa6 Rxc3 55. Kf2 Bb1 56. Kg2 a2 57. Kf2 Kg6 58. Ra4 e4 59. Bd7 Kf6 60. h3
Ke5 61. Be6 Rb3 62. Ke2 Rb2+ 63. Ke3 Bd3 0-1

[Event "Frankfurt Ch 2006"]
[Site "Ffm-Kalbach, LAZ"]
[Date "2006.05.15"]
[Round "4.10"]
[White "Brüggemann, Ludger"]
[Black "Czech, Ludwig"]
[Result "1-0"]
[WhiteElo "2158"]
[BlackElo "2004"]
[PlyCount "117"]
[EventDate "2006.??.??"]

1. e4 e6 2. d4 d5 3. Nd2 c5 4. Ngf3 cxd4 5. exd5 Qxd5 6. Bc4 Qd6 7. O-O Nf6 8.
Nb3 Nc6 9. Nbxd4 Nxd4 10. Qxd4 Bd7 11. Qxd6 Bxd6 12. Rd1 Ke7 13. Be3 Rhc8 14.
Bb3 Ng4 15. Bg5+ f6 16. Bh4 Ne5 17. Nd2 g5 18. Bg3 Nf7 19. Ne4 Bxg3 20. hxg3
Rc7 21. Re1 f5 22. Nc3 Kf6 23. g4 fxg4 24. Ne4+ Kg7 25. Ng3 Re8 26. c3 Nd6 27.
Rad1 Nf7 28. Bc2 Nd8 29. Nh5+ Kf7 30. Rd4 e5 31. Rd6 Ne6 32. Rxe5 Ke7 33. Rdd5
Bc6 34. Rd1 Rd7 35. Rde1 Rd6 36. Ng7 Kf6 37. Nxe8+ Bxe8 38. Rf5+ Kg7 39. Bb3
Bd7 40. Rd5 Rxd5 41. Bxd5 Kf6 42. Bxb7 Nc5 43. Rd1 Ke7 44. Re1+ Kf6 45. Be4 h5
46. Bc2 h4 47. Rd1 Be6 48. b4 Nd7 49. Rd6 Ke5 50. Ra6 Nb6 51. Rxa7 Nd5 52. Bb3
Nxc3 53. Re7 Ne2+ 54. Kf1 Nd4 55. Bxe6 Kf6 56. Rd7 Nxe6 57. b5 h3 58. Kg1 Nf4
59. b6 1-0

[Event "Frankfurt Ch 2006"]
[Site "Ffm-Kalbach, LAZ"]
[Date "2006.05.15"]
[Round "4.11"]
[White "Hupprich, Thorsten"]
[Black "Garbe, Ralf"]
[Result "0-1"]
[WhiteElo "2003"]
[BlackElo "2157"]
[PlyCount "54"]
[EventDate "2006.??.??"]

1. c4 g6 2. Nf3 Bg7 3. Nc3 e5 4. g3 Nc6 5. Bg2 Nge7 6. O-O O-O 7. d3 d6 8. Rb1
f5 9. Bd2 h6 10. b4 f4 11. b5 Nd4 12. Nxd4 exd4 13. Nd5 fxg3 14. hxg3 Kh7 15.
a4 Nxd5 16. Bxd5 Qf6 17. e3 Bh3 18. Bg2 Bxg2 19. Kxg2 dxe3 20. Bxe3 b6 21. Rh1
Rae8 22. Qe2 Kg8 23. Rbf1 d5 24. Qg4 h5 25. Qf4 Qb2 26. Qg5 Re5 27. Qxg6 Rf6
0-1

[Event "Frankfurt Ch 2006"]
[Site "Ffm-Kalbach, LAZ"]
[Date "2006.05.15"]
[Round "4.12"]
[White "Diaz, Joaquin"]
[Black "Stich, Christopher"]
[Result "1-0"]
[WhiteElo "2087"]
[BlackElo "1921"]
[PlyCount "77"]
[EventDate "2006.??.??"]

1. e4 g6 2. d4 Bg7 3. Nc3 d6 4. Bg5 h6 5. Be3 Nf6 6. f3 O-O 7. Qd2 Kh7 8. Bd3
Nbd7 9. Nge2 c6 10. a4 e5 11. a5 exd4 12. Bxd4 Ne5 13. O-O Be6 14. Rfd1 Nfd7
15. f4 c5 16. Bxe5 dxe5 17. f5 c4 18. fxe6 cxd3 19. Qxd3 Nf6 20. Qxd8 Rfxd8 21.
exf7 Rf8 22. Rd3 Rxf7 23. Rf1 Rc7 24. Rdf3 Rc6 25. Nc1 Rd8 26. Nd3 Re8 27. h3
Ree6 28. Ra1 Rc4 29. Ra3 Re7 30. Re3 Bf8 31. Rb3 Kg7 32. Rb5 a6 33. Rxe5 Rxe5
34. Nxe5 Rb4 35. Nd3 Rc4 36. Kf1 Nd7 37. e5 Nc5 38. e6 Nxd3 39. cxd3 1-0

[Event "Frankfurt Ch 2006"]
[Site "Ffm-Kalbach, LAZ"]
[Date "2006.05.15"]
[Round "4.13"]
[White "Kolker, Vladislav"]
[Black "Schlamp, Robert"]
[Result "0-1"]
[WhiteElo "1856"]
[BlackElo "2228"]
[PlyCount "110"]
[EventDate "2006.??.??"]

1. e4 e5 2. Nf3 Nc6 3. d4 exd4 4. Bc4 d6 5. Nxd4 g6 6. Nc3 Bg7 7. Be3 Nf6 8.
O-O O-O 9. h3 Re8 10. Nxc6 bxc6 11. Qf3 Qe7 12. Rfe1 Nd7 13. Bb3 a5 14. a4 Ba6
15. Rad1 Rab8 16. Bc1 Rb4 17. Na2 Rb6 18. Nc3 Nc5 19. Be3 Rxb3 20. cxb3 Nd3 21.
Qe2 Bxc3 22. bxc3 Qxe4 23. f3 Nxe1 24. Rxe1 Bxe2 25. fxe4 Bd3 26. b4 Rxe4 27.
Bd2 Rxe1+ 28. Bxe1 Kf8 29. bxa5 Ke7 30. Kf2 Ke6 31. Ke3 Bc4 32. g3 c5 33. Bd2
f6 34. h4 Kd5 35. Kf3 Bb3 36. Bh6 Bxa4 37. Bg7 Bc6 38. Kf4 Ke6 39. g4 Kf7 40.
Bh8 h6 41. h5 gxh5 42. gxh5 Bb5 43. Kf5 Bd3+ 44. Kf4 Be2 45. Kf5 Bd3+ 46. Kf4
d5 47. Ke3 Bb5 48. Kd2 d4 49. Kc2 Be2 50. Kd2 Bxh5 51. a6 Bf3 52. Kd3 Bd5 53.
cxd4 c4+ 54. Kc3 h5 55. a7 h4 0-1

[Event "Frankfurt Ch 2006"]
[Site "Ffm-Kalbach, LAZ"]
[Date "2006.05.15"]
[Round "4.14"]
[White "Krüger, Till"]
[Black "Sadeghi, Behrang"]
[Result "0-1"]
[WhiteElo "1854"]
[BlackElo "2168"]
[PlyCount "108"]
[EventDate "2006.??.??"]

1. e4 e6 2. d4 d5 3. e5 c5 4. c3 Nc6 5. Be3 Qb6 6. Qd2 Bd7 7. dxc5 Bxc5 8. Bxc5
Qxc5 9. Nf3 Rc8 10. Qg5 Qf8 11. Bd3 f6 12. Qe3 Nh6 13. h3 Qe7 14. Nbd2 O-O 15.
O-O f5 16. Nb3 b6 17. Nbd4 Na5 18. Nd2 Rc7 19. f4 Nb7 20. N2b3 Nc5 21. Rf2 Kh8
22. Nxc5 bxc5 23. Nf3 Rb8 24. Bf1 Rcb7 25. b3 a5 26. Rb2 Nf7 27. Be2 Nd8 28.
Nd2 Nc6 29. Nf3 a4 30. Bd1 Be8 31. Bc2 Na5 32. Nd2 Nc4 33. Nxc4 dxc4 34. Rbb1
cxb3 35. axb3 axb3 36. Bd3 Bc6 37. Ra5 c4 38. Bxc4 Be4 39. Rb2 Qc7 40. Qc5 Qd8
41. Rb5 Qd1+ 42. Kh2 Rxb5 43. Bxb5 h6 44. Qb4 Qc1 45. Qxb3 Qxf4+ 46. Kg1 Qe3+
47. Kh2 Qf4+ 48. Kg1 Qxe5 49. c4 Qd4+ 50. Kh2 Rd8 51. Re2 Qe5+ 52. Kg1 Qa1+ 53.
Kh2 Rd1 54. Qe3 Qe5+ 0-1

[Event "Frankfurt Ch 2006"]
[Site "Ffm-Kalbach, LAZ"]
[Date "2006.05.15"]
[Round "4.15"]
[White "Kühnel, Marcus"]
[Black "Seidel, Andre"]
[Result "0-1"]
[WhiteElo "1807"]
[BlackElo "2094"]
[PlyCount "94"]
[EventDate "2006.??.??"]

1. e4 e6 2. d4 d5 3. exd5 exd5 4. c4 Nf6 5. Nc3 Be7 6. Nf3 O-O 7. Be2 dxc4 8.
Bxc4 c6 9. h3 Bf5 10. O-O Nbd7 11. Bf4 Nb6 12. Bb3 Nbd5 13. Be5 h6 14. Bc2 Bxc2
15. Qxc2 Re8 16. Rad1 Rc8 17. Rfe1 Nxc3 18. Qxc3 Nd5 19. Qb3 Qb6 20. Qxb6 Nxb6
21. Bf4 Nd5 22. Bd2 Bb4 23. Bxb4 Nxb4 24. a3 Nd5 25. Kf1 Kf8 26. g3 f6 27. Nh4
Rxe1+ 28. Rxe1 Ne7 29. Ke2 Rd8 30. Rd1 Kf7 31. Rd3 g5 32. Nf3 Nf5 33. g4 Ng7
34. Nd2 Ne6 35. Ke3 Nf4 36. Rb3 b6 37. Ne4 Re8 38. Kf3 Re6 39. h4 Ng6 40. hxg5
Nh4+ 41. Ke3 hxg5 42. Kd3 Ng2 43. f3 Nh4 44. Kc4 Nxf3 45. Rxf3 Rxe4 46. Rg3 c5
47. Rd3 Rxg4 0-1

[Event "Frankfurt Ch 2006"]
[Site "Ffm-Kalbach, LAZ"]
[Date "2006.05.15"]
[Round "4.16"]
[White "Minor, Samuel"]
[Black "Schöne, Matthias"]
[Result "1-0"]
[WhiteElo "2092"]
[BlackElo "1846"]
[PlyCount "93"]
[EventDate "2006.??.??"]

1. e4 e6 2. d3 d5 3. Qe2 Nf6 4. Nf3 c5 5. g3 Be7 6. Bg2 O-O 7. O-O Nc6 8. e5
Nd7 9. c4 b6 10. Re1 Bb7 11. h4 Re8 12. Nbd2 Nf8 13. Nf1 Qc7 14. N1h2 Nd4 15.
Nxd4 cxd4 16. cxd5 Bxd5 17. Bxd5 exd5 18. Qf3 Bb4 19. Re2 Rad8 20. Ng4 Ng6 21.
h5 Nxe5 22. Nxe5 Rxe5 23. Bf4 f6 24. Bxe5 fxe5 25. a3 Be7 26. Rae1 Bf6 27. h6
Qd7 28. Rc2 e4 29. dxe4 dxe4 30. Qxe4 d3 31. Rd2 Bg5 32. f4 Bxh6 33. Qe6+ Qxe6
34. Rxe6 Kf7 35. Re3 g5 36. fxg5 Bxg5 37. Rexd3 Bxd2 38. Rxd8 Bc1 39. Rd7+ Kg6
40. Rxa7 Bxb2 41. a4 h5 42. Kg2 Kg5 43. Kh3 Bc3 44. Rd7 Bb4 45. Rd5+ Kg6 46.
Rb5 Ba5 47. Kh4 1-0

[Event "Frankfurt Ch 2006"]
[Site "Ffm-Kalbach, LAZ"]
[Date "2006.05.15"]
[Round "4.17"]
[White "Ganjian, Mehrdad"]
[Black "Schwenkreis, Thomas"]
[Result "0-1"]
[WhiteElo "1802"]
[BlackElo "2090"]
[PlyCount "92"]
[EventDate "2006.??.??"]

1. c4 Nf6 2. Nc3 d6 3. d4 Nbd7 4. e4 e5 5. d5 Nc5 6. Qc2 a5 7. Be2 g6 8. Nf3
Bg7 9. Nd2 O-O 10. Nb3 Ncd7 11. Be3 b6 12. O-O h6 13. Nc1 Nc5 14. f3 Nh5 15.
Qd2 Kh7 16. Nd3 f5 17. Nxc5 bxc5 18. exf5 gxf5 19. Bd3 Nf6 20. Rab1 Qe8 21. a3
Qg6 22. Kh1 Kh8 23. Qc2 Qh5 24. Bg1 Qg5 25. Rbe1 Nh5 26. g3 Bd7 27. Qg2 Rab8
28. Re2 Rb3 29. Bb1 Nf6 30. Nd1 c6 31. f4 exf4 32. Rxf4 cxd5 33. cxd5 Nh5 34.
Rf3 Rb7 35. Be3 f4 36. Bxf4 Qxd5 37. Rd3 Qxg2+ 38. Kxg2 Nxf4+ 39. gxf4 Bb5 40.
Kf3 Be5 41. Rxe5 Bxd3 42. Bxd3 dxe5 43. f5 Rd7 44. Nf2 Rd4 45. Be4 Rb8 46. Nd3
Rb3 0-1

[Event "Frankfurt Ch 2006"]
[Site "Ffm-Kalbach, LAZ"]
[Date "2006.05.15"]
[Round "4.18"]
[White "Svitek, Volker"]
[Black "Genis, Roy"]
[Result "1-0"]
[WhiteElo "2045"]
[BlackElo "1812"]
[PlyCount "120"]
[EventDate "2006.??.??"]

1. b4 e5 2. Bb2 Bxb4 3. Bxe5 Nf6 4. Nf3 Nc6 5. Bb2 O-O 6. e3 d5 7. Be2 Re8 8.
O-O Bg4 9. d3 Qe7 10. c3 Bd6 11. d4 Ne4 12. Nbd2 Nxd2 13. Nxd2 Bxe2 14. Qxe2 a6
15. c4 Ba3 16. Bc3 Bb4 17. Qd3 Bxc3 18. Qxc3 dxc4 19. Nxc4 b5 20. Nd2 Na7 21.
Rfc1 Rec8 22. Qc5 Qxc5 23. Rxc5 c6 24. Nb3 Rd8 25. Rac1 Rd5 26. R5c2 b4 27. e4
Rb5 28. f3 f6 29. Rc5 Rab8 30. Kf2 Rxc5 31. Rxc5 Rb5 32. Ke3 Rxc5 33. Nxc5 a5
34. Kd3 Nb5 35. Kc4 Nc3 36. a3 Nb5 37. axb4 axb4 38. Ne6 f5 39. e5 g5 40. Kxb4
Kf7 41. Nd8+ Ke8 42. Nxc6 Nc7 43. Kc4 Kd7 44. d5 h5 45. Nd4 f4 46. Nf5 Ne8 47.
Kd4 Kc7 48. d6+ Kd7 49. Kd5 Kd8 50. Ke6 g4 51. Kf7 Kd7 52. e6+ Kd8 53. Kg6 gxf3
54. gxf3 h4 55. h3 Nxd6 56. Nxd6 Ke7 57. Nf5+ Kxe6 58. Nxh4 Ke5 59. Nf5 Ke6 60.
h4 Ke5 1-0

[Event "Frankfurt Ch 2006"]
[Site "Ffm-Kalbach, LAZ"]
[Date "2006.05.15"]
[Round "4.19"]
[White "Kreiling, Carsten"]
[Black "Gutacker, Stephan"]
[Result "1-0"]
[WhiteElo "2018"]
[BlackElo "1789"]
[PlyCount "55"]
[EventDate "2006.??.??"]

1. d4 Nf6 2. Nf3 e6 3. c4 b6 4. a3 a5 5. Nc3 Bb7 6. Qc2 d5 7. Bf4 Bd6 8. Bxd6
Qxd6 9. cxd5 Nxd5 10. Nb5 Qe7 11. e4 c6 12. exd5 exd5+ 13. Kd2 O-O 14. Nc3 Nd7
15. Bd3 Nf6 16. Rhe1 Qd8 17. Ke2 c5 18. Kf1 cxd4 19. Nxd4 Qd6 20. Kg1 Ng4 21.
Nf3 Rac8 22. Bxh7+ Kh8 23. Bf5 Rc4 24. Bxg4 Rxg4 25. Qf5 Rg6 26. Qe5 Qc6 27.
Qe7 Qc8 28. Ne5 1-0

[Event "Frankfurt Ch 2006"]
[Site "Ffm-Kalbach, LAZ"]
[Date "2006.05.15"]
[Round "4.21"]
[White "Völker, Sebastian"]
[Black "Bender, Manfred"]
[Result "1-0"]
[WhiteElo "1992"]
[BlackElo "1739"]
[PlyCount "103"]
[EventDate "2006.??.??"]

1. e4 e5 2. Nf3 Nc6 3. Bb5 d6 4. h3 Bd7 5. O-O Nf6 6. Re1 Be7 7. c3 O-O 8. d3
Qe8 9. Nbd2 Nd8 10. Bxd7 Nxd7 11. Nf1 Nc5 12. Ng3 Qb5 13. Re3 Re8 14. b4 Qa4
15. Bb2 Qxd1+ 16. Rxd1 Nce6 17. d4 Ng5 18. Nh2 f6 19. d5 b5 20. Rc1 c6 21. c4
bxc4 22. Rxc4 cxd5 23. exd5 Rb8 24. Ra3 Rb7 25. Nf5 g6 26. Ne3 f5 27. Ra6 Ne4
28. Nd1 Nf7 29. a4 Reb8 30. Ba3 Nf6 31. Nc3 Bd8 32. Nf3 Ne8 33. b5 Bb6 34. a5
Nc7 35. axb6 Nxa6 36. bxa7 Rxa7 37. bxa6 Rxa6 38. Bc1 Ra1 39. Ne2 Rb2 40. Kf1
Rb5 41. g4 Rxd5 42. Rc8+ Kg7 43. Rc7 Kf6 44. Kg2 f4 45. Bb2 Ra2 46. Nc3 Rxb2
47. Nxd5+ Ke6 48. Nc3 Rb3 49. Nd2 Rb2 50. Nc4 Rb4 51. Na5 Ng5 52. Nc6 1-0

[Event "Frankfurt Ch 2006"]
[Site "Ffm-Kalbach, LAZ"]
[Date "2006.05.15"]
[Round "4.22"]
[White "Kästle, Rainer"]
[Black "Stricker, Konstantin"]
[Result "0-1"]
[WhiteElo "1987"]
[BlackElo "1703"]
[PlyCount "118"]
[EventDate "2006.??.??"]

1. d4 Nf6 2. g3 e6 3. Bg2 d5 4. Nf3 Be7 5. O-O O-O 6. Nc3 Nbd7 7. Bf4 a6 8. Ne5
c5 9. Nxd7 Bxd7 10. e4 cxd4 11. Qxd4 dxe4 12. Nxe4 Nxe4 13. Bxe4 Bf6 14. Qb4
Bc6 15. Rad1 Qc8 16. c3 Bxe4 17. Qxe4 b5 18. Rd2 Rd8 19. Rfd1 Rxd2 20. Rxd2 Ra7
21. Qd3 h6 22. Qd6 Qb7 23. Be5 Be7 24. Qb8+ Qxb8 25. Bxb8 Ra8 26. Bc7 Kf8 27.
Ba5 Ke8 28. Kf1 Ra7 29. Ke2 Rd7 30. Bb6 Rd6 31. Rxd6 Bxd6 32. Kd3 Kd7 33. f4
Kc6 34. Bd4 g6 35. c4 h5 36. a3 a5 37. Kc3 a4 38. b4 axb3 39. Kxb3 bxc4+ 40.
Kxc4 Bxa3 41. Be3 Bb2 42. Bc5 e5 43. fxe5 Bxe5 44. Be7 f6 45. Bc5 g5 46. Bb4 g4
47. Be7 f5 48. Bg5 Kd6 49. Be3 Bf6 50. Bf4+ Ke6 51. Be3 h4 52. gxh4 Bxh4 53.
Bf4 Bf6 54. Kd3 Be5 55. Bg3 f4 56. Bf2 Kf5 57. Bg1 f3 58. Ke3 Kg5 59. Ke4 Bc7
0-1

[Event "Frankfurt Ch 2006"]
[Site "Ffm-Kalbach, LAZ"]
[Date "2006.05.15"]
[Round "4.23"]
[White "Kinski, Sven"]
[Black "Henzner, Reiner"]
[Result "1-0"]
[WhiteElo "1798"]
[BlackElo "1982"]
[PlyCount "71"]
[EventDate "2006.??.??"]

1. e4 c6 2. f4 d5 3. Nc3 dxe4 4. Nxe4 Bf5 5. Ng3 Qd7 6. Nf3 Bg4 7. Be2 Bxf3 8.
Bxf3 e6 9. d4 Nf6 10. O-O Be7 11. c3 O-O 12. Qc2 g6 13. Ne4 Na6 14. Nxf6+ Bxf6
15. Be3 Nc7 16. g4 Nd5 17. Bd2 Rfe8 18. Rf2 Rac8 19. Qa4 b5 20. Qb3 Bg7 21. Rd1
Nb6 22. h4 a5 23. h5 a4 24. Qc2 Bf8 25. hxg6 hxg6 26. f5 exf5 27. gxf5 c5 28.
fxg6 f6 29. g7 Bxg7 30. Rg2 Re7 31. dxc5 Nc4 32. Bf4 Qa7 33. Bd5+ Kf8 34. Qh7
Ke8 35. Qg8+ Bf8 36. Qxf8+ 1-0

[Event "Frankfurt Ch 2006"]
[Site "Ffm-Kalbach, LAZ"]
[Date "2006.05.15"]
[Round "4.24"]
[White "Winand, Edgar"]
[Black "Behnick, Eckhard"]
[Result "0-1"]
[WhiteElo "1824"]
[BlackElo "1962"]
[PlyCount "62"]
[EventDate "2006.??.??"]

1. Nf3 g6 2. d4 Bg7 3. b3 c5 4. e3 cxd4 5. exd4 Nf6 6. Bb2 O-O 7. Bd3 b6 8.
Nbd2 Bb7 9. Qe2 d6 10. O-O Nd5 11. Rfe1 Nc6 12. Be4 e6 13. c4 Nf4 14. Qf1 d5
15. cxd5 exd5 16. Bb1 Nb4 17. Re3 Ba6 18. Qd1 Re8 19. Nf1 Nc6 20. Kh1 Rc8 21.
a3 h5 22. g3 Rxe3 23. Nxe3 Be2 24. Qd2 Bxf3+ 25. Kg1 Ne2+ 26. Kf1 Nexd4 27. Ba2
Qd7 28. Bxd4 Nxd4 29. Rc1 Qh3+ 30. Ke1 Re8 31. Qd3 Be2 0-1

[Event "Frankfurt Ch 2006"]
[Site "Ffm-Kalbach, LAZ"]
[Date "2006.05.15"]
[Round "4.25"]
[White "Adair, Robin"]
[Black "Hoti, Safet"]
[Result "0-1"]
[WhiteElo "1797"]
[BlackElo "1942"]
[PlyCount "62"]
[EventDate "2006.??.??"]

1. e4 c5 2. Nf3 Nc6 3. d4 cxd4 4. Nxd4 Nf6 5. Nc3 e5 6. Ndb5 d6 7. Nd5 Nxd5 8.
exd5 Nb8 9. Bg5 Be7 10. Bxe7 Qxe7 11. Qf3 O-O 12. Qa3 Rd8 13. Be2 Bf5 14. O-O
Na6 15. c4 Nc5 16. b4 Ne4 17. Qe3 a6 18. Nc3 Nxc3 19. Qxc3 Rac8 20. Rad1 Rc7
21. Rfe1 b5 22. Qf3 Qd7 23. cxb5 axb5 24. Rc1 Rdc8 25. Rc6 Rb7 26. Rec1 Ra8 27.
h3 h6 28. Bxb5 Rxb5 29. Rc7 e4 30. Qh5 Bg6 31. Qxg6 Qxc7 0-1

[Event "Frankfurt Ch 2006"]
[Site "Ffm-Kalbach, LAZ"]
[Date "2006.05.15"]
[Round "4.26"]
[White "Matzies, Alexander"]
[Black "Rondio, Thomas"]
[Result "1-0"]
[WhiteElo "1894"]
[BlackElo "1646"]
[PlyCount "107"]
[EventDate "2006.??.??"]

1. e4 e6 2. d4 d5 3. exd5 exd5 4. c4 Bb4+ 5. Nc3 Qe7+ 6. Qe2 Qxe2+ 7. Bxe2 dxc4
8. Bf4 c6 9. Bxc4 Nf6 10. Nge2 Nbd7 11. a3 Ba5 12. O-O Nb6 13. Ba2 Nbd5 14.
Nxd5 Nxd5 15. Bxd5 cxd5 16. b4 Bd8 17. Rac1 O-O 18. Nc3 Be6 19. Nb5 a5 20. Nc7
Bxc7 21. Rxc7 axb4 22. axb4 Bc8 23. Rfc1 Rd8 24. h3 b5 25. R1c5 Ba6 26. Kh2 h6
27. g4 Rab8 28. Ra7 Ra8 29. Rxa8 Rxa8 30. Rxd5 Kf8 31. Rd6 Ke7 32. Rb6 f6 33.
Kg3 g5 34. Bb8 Kf7 35. f4 Bc8 36. fxg5 hxg5 37. Bc7 Ra3+ 38. Kg2 Bd7 39. Bd8
Ra2+ 40. Kf3 Ra3+ 41. Ke4 Rxh3 42. Bxf6 Bxg4 43. Bxg5 Bd7 44. Bf4 Rb3 45. Bd6
Rc3 46. Bc5 Rh3 47. Rb8 Bc6+ 48. Ke5 Re3+ 49. Kd6 Re6+ 50. Kc7 Be8 51. d5 Re1
52. d6 Rd1 53. Rd8 Re1 54. Rxe8 1-0

[Event "Frankfurt Ch 2006"]
[Site "Ffm-Kalbach, LAZ"]
[Date "2006.05.15"]
[Round "4.27"]
[White "Enders, Georg"]
[Black "Rätsch, Kurt"]
[Result "0-1"]
[WhiteElo "1791"]
[BlackElo "1890"]
[PlyCount "60"]
[EventDate "2006.??.??"]

1. e4 c5 2. Nf3 Nc6 3. d4 cxd4 4. Nxd4 e5 5. Nb5 d6 6. c4 a6 7. N5c3 Nf6 8. Bg5
Be6 9. Be2 Nd4 10. Na3 Rc8 11. Bxf6 Qxf6 12. Nd5 Qg6 13. Bf3 Bxd5 14. cxd5 Be7
15. O-O O-O 16. Re1 b5 17. b3 Rc3 18. Bh5 Qg5 19. Rb1 g6 20. Bg4 h5 21. Be2 f5
22. Bd3 fxe4 23. Bxe4 Kg7 24. Nc2 Qf4 25. f3 Nxc2 26. Bxc2 Bd8 27. Re4 Qg5 28.
Kh1 Bb6 29. h4 Qg3 30. a4 Rfxf3 0-1